00752na a2200241 450000100060000000300080000600500170001400800410003102000180007203500100009004000250010004100080012508200280013324500880016124600280024926000310027730000270030850000400033560000510037565000210042665100390044770000240048622597MIRAKIL20181213155003.0170220b tu 000 0  a9786055966003 a13708 aMilasbturcTR-AnCHP atur aATA 741.682bÜ19 2007 a365 Gün Atatürk, 2008 [takvim]chazırlayanlar Asaf Güven Aksel...[ve öte.] aAtatürk takvimi, 2008 aİstanbulbPerajansc2007 a1 takvimbres.c19 sm. aGünlük 365 yaprak duvar takvimi aAtatürk, Mustafa Kemald1881-1938xTakvimler aTarihyKronoloji aTürkiyexTarihyKronolojiy1919- aAksel, Asaf Güven